| Поле | Название | Значение |
| |
Тип записи |
a |
| |
Библиографический уровень |
m |
| 001 |
Контрольный номер |
RU/SLIB/B/208711258 |
| 005 |
Дата корректировки |
20250210121247.5 |
| 010 |
Индекс ISBN |
__ |
| d |
Цена |
0-80 |
| 101 |
Язык документа |
0_ |
| a |
Язык текста |
rus |
| c |
Язык оригинала |
rus |
| 200 |
Заглавие и сведения об ответственности |
1_ |
| a |
Заглавие |
Долговекий мастер |
| e |
Сведения, относящиеся к заглавию |
о жизни и творчестве Павла Бажова |
| f |
Первые сведения об ответственности |
Пермяк Е. А. |
| b |
Общее обозначение материала |
Текст |
| 205 |
Сведения об издании |
__ |
| a |
Основные сведения об издании |
2-е изд., доп. и перераб. |
| 210 |
Выходные данные |
1_ |
| a |
Место издания |
М. |
| c |
Издательство |
Дет. лит. |
| d |
Дата издания |
1978 |
| 215 |
Физическое описание |
__ |
| a |
Объем |
208 с. |
| c |
Иллюстрации/тип воспроизводства |
ил. |
| 300 |
Общие примечания |
__ |
| a |
Общие примечания |
К 100-летию со дня рождения |
| 600 |
Персоналии |
_1 |
| a |
Персоналии (Фамилия) |
Бажов, П. П. |
| c |
Дополнение к имени |
писатель русский |
| f |
Даты |
1879-1950 |
| g |
Полное имя |
Павел Петрович |
| 606 |
Тематические рубрики |
__ |
| a |
Основная рубрика |
Литературоведение |
| 606 |
Тематические рубрики |
__ |
| a |
Основная рубрика |
Русская литература XX в. |
| 606 |
Тематические рубрики |
__ |
| a |
Основная рубрика |
Художественная литература |
| z |
Хронологическая подрубрика |
20 в. |
| y |
Географическая подрубрика |
Россия |
| 606 |
Тематические рубрики |
__ |
| a |
Основная рубрика |
Русская литература XX в. (произведения) |
| 610 |
Ключевые слова |
0_ |
| a |
Ключевые слова |
биографии; писатели; творчество; творчество писателей; персоналии |
| 686 |
Индексы других классификаций |
__ |
| 2 |
Код системы |
rubbks |
| a |
Классификационный индекс |
83.3(2Рос=Рус)6-8 |
| 686 |
Индексы других классификаций |
__ |
| a |
Классификационный индекс |
84(2Рос=Рус)6-4; ст83.3(2Рос=Рус)6г+ст84(2Рос=Рус)6-4 |
| 700 |
Автор |
_1 |
| a |
Фамилия |
Пермяк |
| b |
Имя |
Е. А. |
| f |
Даты |
1902-1982 |
| g |
Полное личное имя |
Евгений Андреевич |
| 4 |
Код отношения |
070 |
| 801 |
Источник записи |
_0 |
| a |
Страна |
RU |
| b |
Организация |
Муниципальное бюджетное учреждение культуры "Централизованная библиотечная система" г. Сургут (Центральная городская библиотека им. А. С. Пушкина) |
| g |
Правила каталогизации |
ОБ/Котельникова |
| 801 |
Источник записи |
_1 |
| a |
Страна |
RU |
| b |
Организация |
Муниципальное бюджетное учреждение культуры "Централизованная библиотечная система" г. Сургут (Центральная городская библиотека им. А. С. Пушкина) |
| g |
Правила каталогизации |
ОБ/Котельникова |
| 852 |
Данные о местонахождении |
__ |
| j |
Шифр хранения |
83.3(2Рос=Рус)6-8 |
| c |
Каталожный индекс |
83.3(2Рос=Рус)6-8; 84(2Рос=Рус)6-4 |
| i |
Авторский знак |
П 27 |
| p |
Инвентарный номер |
128497(с); 71759; 128496(с) |
| 901 |
Тип документа |
__ |
| t |
Тип документа |
m |
| 903 |
Характеристики (МАРС) |
__ |
| a |
Дата передачи |
19990505 |
| 990 |
Данные о заказе (DOS) |
00 |
| j |
Количество экземпляров (DOS) |
1; 1; 1 |
| t |
N записи в КСУ для И/У (DOS) |
199901; 199101 |